Music Quiz

Random Music or Singers Quiz
Score 0/10 Timer 05:00
12 Plays Today
Question Answer Wrong Answers
Which of these is not a famous rock band? Hugh Jackman is not a rock band
89.6%
Kiss
3.2%
Poison
3.2%
Queen
3.9%
Which of these is not a Spice Girl? Adele is not a Spice Girl
80.4%
Baby
3.7%
Ginger
6.3%
Scary (Movie)
4.4%
Which of these is not a music genre? Beer is not a music genre
72.3%
Blues
13.9%
(Iggy) Pop
10.3%
Rock
1.2%
Which of these is not a music instrument? Lipstick is not a music instrument
71.3%
(Champagne) flute
9.6%
Triangle
2.2%
Viola (Davis)
15.8%
Which of these is not a word from the lyrics of Bohemian Rhapsody? No Daleks in the Boheiman Rhapsody
68.7%
Fandango
10.8%
Figaro
11.4%
Galileo
3.2%
Which of these is not a Michael Jackson song? Cyprus is not a Michael Jackson song
57.1%
Ben (Kingsley)
24.5%
Billie Jean (King)
10.7%
Man in the Mirror
6.2%
Which of these is not a mononymic singer? No singer named ear
47.6%
Sting
13.9%
Madonna
9.1%
Prince (Harry)
22.2%
Which of these is not a 20th century American composer? Sword is not an American composer
37.9%
Irving BERLIN
19.7%
Philip GLASS
17.9%
John WILLIAMS
19%
Which of these is not a Madonna song? No Madonna song named Notorious B.I.G.
31.6%
Bedtime Story
14.5%
Frozen
37.8%
Rain
9.7%
Which of these is not a Brit pop band? Fez is not a Brit pop band
30.7%
Blur
38.6%
Oasis
3.2%
Pulp
24.4%
Remove Ads.
Support Sporcle.
Get the best of Sporcle when you Go Orange. This ad-free experience offers more features, more stats, and more fun while also helping to support Sporcle. Thank you for becoming a member.

You're not logged in!

Compare scores with friends on all Sporcle quizzes.
OR
Log In

Show Comments

Extras

Top Quizzes Today


Score Distribution

Your Account Isn't Verified!

In order to create a playlist on Sporcle, you need to verify the email address you used during registration. Go to your Sporcle Settings to finish the process.

Report this User

Report this user for behavior that violates our Community Guidelines.

Details: